[Event "73. Deutsche Meisterschaft"]
[Site "Altenkirchen"]
[Date "2001.12.05"]
[Round "6"]
[White "Hammes, Michael"]
[Black "Lobron, Eric"]
[Result "1-0"]
[WhiteElo "2374"]
[BlackElo "2524"]
[Annotator "Hammes,Fritz"]
[PlyCount "94"]

1. d4 Nf6 2. c4 d6 3. Nc3 Nbd7 4. Nf3 c6 5. e4 e5 6. g3 Be7 7. Bg2 O-O 8. O-O
a6 9. Qc2 b5 10. Rd1 Qc7 11. h3 Bb7 12. Be3 b4 {
Hier entschliesst sich Schwarz die Stellung zu schliessen.} 13. Ne2 c5 14. d5
Ne8 15. Rf1 g6 16. Bh6 {Ist gegen f5 gerichtet, wie auch die nachfolgenden
Zuege. Das Zentrum ist abgeschlossen. Am Damenfluegel gibt es fuer beide
Seiten kein Durchkommen. Gespielt wird am Koenigsfluegel.} 16... Ng7 17. g4 Kh8
{Leitet das nachfolgende Springermanoever ein, um sich des Laeufers auf h6 zu
entledigen.} 18. Ng3 Nf6 19. Rae1 Ng8 20. Bc1 Rae8 21. Nh2 {
Auch Weiss hat nur f4 um die Entscheidung zu suchen.} 21... Bh4 22. Nf3 Bf6 23.
Nh2 {Hier war eine Zugwiederholung moeglich.} 23... Qa5 {Soll b3 provozieren,
um fuer den Laeufer das Feld c3 freizukaempfen. Allerdings uebersieht Schwarz
die Hebelmoeglichkeiten am Damenfluegel.} 24. a3 bxa3 25. Bd2 Qb6 26. b3 (26.
bxa3 Qd8 {ba3: gibt alle Hebelmoeglichkeiten auf.}) 26... Bc8 27. Qa2 Bh4 28.
Nf3 Bd8 (28... Bxg3 29. fxg3 f5 30. gxf5 gxf5 31. Kh2 $14) 29. Qxa3 f5 30. gxf5
gxf5 31. b4 cxb4 32. Bxb4 Be7 33. exf5 Nxf5 34. Kh2 Rf6 35. Bc3 Ngh6 36. c5 Qa7
(36... Qxc5 37. Qxc5 dxc5 38. Bxe5 $16) 37. Nxe5 dxe5 38. Bxe5 Ref8 39. d6 Bd8
40. Nh5 Qf7 41. Nxf6 Bxf6 42. Qc3 Ng8 43. f4 Qa2 44. Rd1 Nh4 45. Rd2 Qe6 46.
Bd5 Qf5 47. Bxf6+ Rxf6 1-0